Poľská príručka jazykovej správnosti

Bibliographic Details
Main Author: Peciar, Štefan, 1912-1989 (Author)
Format: Article
Language:Slovak

MARC

LEADER 00000nab a2200000ua 4500
001 vtls010742676
003 SK-MaSNL
005 20260304200329.0
008 250718s1974 xo |||||||||||||||||slo|
035 |a (urnnbn)urn:nbn:sk:snk:ar-005axo 
035 |a (uuid)6c813918-d70d-467d-a9d1-69dc61053f6b 
035 |a urn:nbn:sk:snk-ab44d7 
040 |a SNKBUCL  |b slo  |c SNKBUCL  |e AACR2 
041 0 |a slo 
044 |a xo  |c SK 
100 1 |a Peciar, Štefan,  |d 1912-1989  |4 aut  |9 101102 
245 1 0 |a Poľská príručka jazykovej správnosti  |c Š. Peciar 
773 0 |t Kultúra slova : vedecko-popularizačný časopis pre jazykovú kultúru a terminológiu : orgán Jazykovedného ústavu Ľudovíta Štúra SAV, Jazykového odboru Matice slovenskej a Ústrednej jazykovej rady  |g Roč. 8, č. 2 (1974), s. 59-62 
850 |a Slovenská národná knižnica 
852 |a Slovenská národná knižnica 
954 |a odborná, vedecká literatúra pôvodná (slovenská)  |2 lita 
958 |a article3 
958 |a OND 
958 |a EUIPO 
999 |c 3087393  |d 3089323